000 00306nam a22001337a 4500
008 170628b xxu||||| |||| 00| 0 eng d
020 _a9789908008455
041 _aeng
080 _a82
100 _a22
101 _agjl
245 _aSCIENCE NAVIGATOR PROCESS SKILLS
_cABRAHMS.W
942 _2udc
_cBK
999 _c19413
_d19413